MARC

LEADER 00000nam0a2200000 4500
001 317182
005 20231102002941.0
035 |a (RuTPU)RU\TPU\book\342650 
090 |a 317182 
100 |a 20160405d1982 m y0rusy50 ca 
101 0 |a rus 
102 |a RU 
105 |a a j 001zy 
200 1 |a Расчет теплотехнических свойств газовых и жидких теплоносителей  |e учебное пособие  |f Ю. Я. Печенегов  |g Саратовский политехнический институт (СПИ) 
210 |a Саратов  |c Изд-во Саратовского политехнического ин-та  |d 1982 
215 |a 84 с.  |c ил. 
320 |a Библиогр.: с. 82 
606 1 |a Теплоносители высокотемпературные  |2 stltpush  |3 (RuTPU)RU\TPU\subj\33543  |9 55750 
610 1 |a газовые теплоносители 
610 1 |a жидкие теплоносители 
610 1 |a теплотехника 
610 1 |a свойства 
610 1 |a расчеты 
610 1 |a гидравлические сопротивления 
610 1 |a жидкость-пар 
610 1 |a теплообмен 
610 1 |a учебные пособия 
675 |a 662.98(075.8)  |v 4 
700 1 |a Печенегов  |b Ю. Я.  |g Юрий Яковлевич 
712 0 2 |a Саратовский политехнический институт (СПИ)  |c (1960-1992)  |2 stltpush  |3 (RuTPU)RU\TPU\col\283 
801 1 |a RU  |b 63413507  |c 20160405 
801 2 |a RU  |b 63413507  |c 20200114  |g RCR 
942 |c BK